00533nam a2200193 a 4500001001300000003000900013005001700022008004100039020002300080082001800103100001800121245004600139260005200185300000900237500003500246505001000281650003000291700001800321nice12345678IN_TiNIC20260116013609.0050524s1985 bera grp 000 0 eng  a0520401 c63700a303.4824bDJA aDjait, Hichem aEurope and Islamb Cultures and Modernity aBerkeleybUniversity of California Press c1985 a198p aincludes index and biblioraphy2 aIndex aNear East-Reltions-europe1 aDjait, Hichem